[Event "Nuremberg Zabo op 23rd"]
[Site "Nuremberg"]
[Date "2023.09.15"]
[Round "1"]
[White "Delikatnyi, Denys"]
[Black "Duong, Quang Bach"]
[Result "0-1"]
[WhiteElo "1649"]
[BlackElo "1793"]
[PlyCount "56"]
[EventDate "2023.09.15"]
[EventType "swiss"]
[EventRounds "5"]
[EventCountry "GER"]
[SourceTitle "EXT 2024"]
[Source "ChessBase"]
[SourceDate "2023.10.10"]
[SourceVersion "1"]
[SourceVersionDate "2023.10.10"]
[SourceQuality "1"]

1. e4 c6 2. d4 d5 3. Nc3 dxe4 4. Nxe4 Nf6 5. Nxf6+ exf6 6. h3 Bd6 7. Be3 0-0 8. Qd2 Be6 9. c4 Nd7 10. Bd3 b5 11. c5 Bc7 12. Ne2 Re8 13. 0-0 Nf8 14. f4 f5 15. b4 Ng6 16. Nc3 Bd5 17. Bxf5 Nh4 18. Bg4 Bxg2 19. Rf2 f5 20. Bd1 Bxh3 21. Bb3+ Kh8 22. d5 Qf6 23. d6 Qg6+ 24. Kh1 Bg4 25. dxc7 Nf3 26. Bf7 Qxf7 27. Qc1 Qh5+ 28. Kg2 Qh3# 0-1

[Event "Bamberg op-B 5th"]
[Site "Bamberg"]
[Date "2023.07.28"]
[Round "4"]
[White "Hotman, Cagan Arhan"]
[Black "Delikatnyi, Denys"]
[Result "1-0"]
[WhiteElo "1587"]
[BlackElo "1614"]
[PlyCount "73"]
[EventDate "2023.07.26"]
[EventType "swiss"]
[EventRounds "7"]
[EventCountry "GER"]
[SourceTitle "CBM 215 Extra"]
[Source "ChessBase"]
[SourceDate "2023.09.30"]
[SourceVersion "1"]
[SourceVersionDate "2023.09.30"]
[SourceQuality "1"]

1. e4 c5 2. Nf3 Nc6 3. d4 cxd4 4. Nxd4 Nf6 5. Nc3 e6 6. Bg5 Be7 7. f4 h6 8. Bxf6 Bxf6 9. Ndb5 0-0 10. Qd2 d5 11. 0-0-0 a6 12. exd5 exd5 13. Na3 Bg4 14. Be2 Bxe2 15. Nxe2 Qb6 16. c3 Rfd8 17. Nc2 Rac8 18. Kb1 Na5 19. Ncd4 Nc4 20. Qc1 Qc5 21. g4 Bxd4 22. Nxd4 b5 23. g5 h5 24. g6 Qe7 25. Rde1 Qf6 26. gxf7+ Qxf7 27. Rhg1 Re8 28. Rxe8+ Rxe8 29. f5 Ne3 30. Re1 Ng4 31. Rxe8+ Qxe8 32. Ne6 Qb8 33. Qg5 Qe5 34. Qd8+ Kh7 35. Ng5+ Kh6 36. Nf7+ Kh7 37. Qh8# 1-0